Advances in ecological research. V 4. (Record no. 21227)

MARC details
000 -LEADER
fixed length control field 00318nam a2200121Ia 4500
082 ## - DEWEY DECIMAL CLASSIFICATION NUMBER
Classification number 574:001.814
Item number ADV.4
245 #0 - TITLE STATEMENT
Title Advances in ecological research. V 4.
260 ## - PUBLICATION, DISTRIBUTION, ETC. (IMPRINT)
Place of publication London
Name of publisher Academic
Year of publication 1967
650 ## - SUBJECT ADDED ENTRY--TOPICAL TERM
Topical Term Ecological research
650 ## - SUBJECT ADDED ENTRY--TOPICAL TERM
Topical Term Pesticides
942 ## - ADDED ENTRY ELEMENTS (KOHA)
Koha item type Books
Holdings
Withdrawn status Lost status Damaged status Not for loan Home library Current library Date acquired Full call number Accession Number Koha item type
        RRII Library RRII Library 16/12/2021 574:001.814 ADV.4 01947 Books